000 00907nam a22002175i 4500
001 156633
003 ES-MaACL
005 20250809024232.0
008 990611s1861 fr |||| | fre d
040 _aCCPB | B
_bspa
_cCCPB | B
100 1 _aKlüber, Jean Louis.
_9128471
245 1 0 _aDroit des gens moderne de l'Europe
_b: avec un supplément contenant une bibliothéque choisie du droit des gens /
_cpar J.-L. Klüber.
250 _aNouvelle éd. rev., annot. et complété
_bpar M. A. Ott.
260 _aParis :
_bGuillaumin et C\pie\s, libraires :
_bAuguste Durand, éditeur,
_c1861.
300 _aXX, 516 p. ;
_c19 cm.
650 7 _aDerecho internacional
_2embne
_911717
700 1 1 _aOtt, Auguste,
_eed. lit.
_9130743
752 _aFrancia -
_dParís
852 _aES-MaACL
_jF-12892
_z-- Enc. hol.
_x-- Edic.: añadir T260 (Saint-Denis : Typographie de A Moulin)
999 _c156633
_d156633